[Event "Superbet Blitz 2023"]
[Site "Warsaw POL"]
[Date "2023.05.25"]
[Round "11.4"]
[White "Carlsen, M."]
[Black "So, W."]
[Result "1-0"]
[WhiteElo "2853"]
[BlackElo "2760"]
[PlyCount "111"]
[EventDate "2023.05.24"]
[EventType "blitz"]

1. b3 d5 2. Nf3 Nf6 3. Bb2 c5 4. e3 e6 5. Bb5+ Nbd7 6. O-O a6 ({RR} 6... Bd6 7. c4 O-O 8. cxd5 exd5 9. d4 a6 10. Bxd7 Bxd7 11. dxc5 Bxc5 12. Nbd2 Bg4 13. h3 Bh5 14. Rc1 Rc8 15. Qe1 Re8 16. Nd4 Bb4 17. a3 Bd6 18. Nf5 Be5 19. Bxe5 Rxe5 20. Nd4 Re8 21. Rxc8 {Seyidli,M (1996)-Fedorov,A (2197) chess.com INT 2025 0-1 (57)}) 7. Be2 Be7 $146 ({RR} 7... Bd6 8. c4 O-O 9. cxd5 exd5 10. d4 b6 11. Nbd2 Bb7 12. Rc1 Qe7 13. Qc2 Rac8 14. Qf5 Rfe8 15. Rfd1 h6 16. Qh3 Rc6 17. g3 Qd8 18. Qf1 Qc8 19. Rc2 Rc7 20. Rdc1 Re6 21. Qd1 Qe8 22. Qf1 {Meier,G (2631)-Salem,A (2690) Dubai 2021 ½-½ (90)}) ({RR} 7... Bd6 8. d4 cxd4 9. exd4 O-O 10. Bd3 Qc7 11. Nbd2 b6 12. Re1 Bb7 13. a3 Rfd8 14. Qe2 Nf8 15. g3 Rac8 16. c3 Ra8 17. Rac1 Re8 18. h4 Qe7 19. a4 Ba3 20. Bxa3 Qxa3 21. Ne5 Qd6 22. h5 {Sadhwani,R (2627)-Deac,B (2700) chess.com INT 2023 0-1 (61)}) 8. c4 O-O 9. cxd5 Nxd5 10. Nc3 Nxc3 11. dxc3 b6 12. Qc2 Bb7 13. Rfd1 Qc7 14. Bd3 g6 15. Be4 c4 16. Bxb7 Qxb7 17. Rd4 cxb3 18. axb3 Bf6 19. Rd2 Nc5 20. c4 Bxb2 21. Qxb2 Rad8 22. Rxd8 Rxd8 23. h4 Qe7 24. h5 gxh5 25. Qe5 Nxb3 26. Rxa6 Qc5 27. Qg3+ Kf8 28. Ng5 h6 29. Nh7+ Ke7 30. Ra7+ Rd7 31. Qh4+ Kd6 32. Qf4+ Ke7 33. Qf6+ Kd6 34. Rxd7+ Kxd7 35. Qxf7+ Qe7 36. Nf6+ Kd8 37. Qg6 Na5 38. Qxh6 Nxc4 39. Nxh5 b5 40. Nf4 Kd7 41. Qh5 Kc6 42. Qf3+ Kb6 43. Qe4 Ka5 44. Nxe6 Qb4 45. Qc2 Qe1+ 46. Kh2 Nd2 47. Kg3 Nf1+ 48. Kf4 Nd2 49. Kg3 Nf1+ 50. Kg4 Nd2 51. Qc3+ b4 52. Qc5+ Ka4 53. Nd4 b3 54. Qb5+ Ka3 55. Qxb3+ Nxb3 56. Nc2+ 1-0

[Event "ChessKid Cup Div 2 L"]
[Site "chess.com INT"]
[Date "2023.05.23"]
[Round "1.3"]
[White "Meier, Geo"]
[Black "Gharibyan, Mamikon"]
[Result "1-0"]
[WhiteElo "2614"]
[BlackElo "2500"]
[PlyCount "89"]
[EventDate "2023.05.23"]
[EventType "k.o."]

1. Nf3 d5 2. g3 Nf6 3. Bg2 e6 4. O-O Be7 5. d3 O-O 6. Nbd2 a5 7. e4 a4 8. e5 Nfd7 9. c3 c5 10. Re1 ({RR} 10. d4 Nc6 11. Re1 b5 12. h4 b4 13. c4 cxd4 14. cxd5 exd5 15. Nf1 d3 16. Qxd3 Nc5 17. Qd1 Bf5 18. Nd4 Nxd4 19. Qxd4 Nd3 20. Re2 Bc5 21. Qxd5 Qxd5 22. Bxd5 Rad8 23. Bf3 Bd4 24. Ne3 Be6 {Adly,A (2596)-Gharibyan,M (2480) Almaty KAZ 2022 0-1 (42)}) 10... Nc6 11. h4 b5 12. Nf1 b4 $146 ({RR} 12... f6 13. d4 fxe5 14. dxe5 c4 15. Bf4 Nc5 16. Re3 b4 17. Bh3 a3 18. bxa3 bxc3 19. Rxc3 Ne4 20. Re3 h6 21. h5 Bc5 22. Rxe4 dxe4 23. N3d2 Bd4 24. Rc1 Bxe5 25. Be3 c3 26. Nxe4 Nd4 27. Qg4 {Bhosale Shriraj (1946)-Shahil,D (2368) Chennai IND 2024 0-1 (70)}) 13. c4 Nb6 14. Qe2 Ba6 15. b3 Na5 16. Qc2 Bb7 17. Bf4 Qd7 18. h5 h6 19. Ne3 Rad8 20. Rad1 Bc6 21. d4 axb3 22. axb3 dxc4 23. dxc5 Qb7 24. Rxd8 Bxd8 25. cxb6 Bxf3 26. Bxf3 Qxf3 27. Nxc4 Nxc4 28. bxc4 Bxb6 29. c5 Rc8 30. Be3 Qc6 31. Rc1 Bc7 32. Qc4 Rb8 33. Rb1 Bxe5 34. Rxb4 Rxb4 35. Qxb4 Qf3 36. Qb3 Bc7 37. Qd3 Qc6 38. Qc4 Qf3 39. c6 Bxg3 40. fxg3 Qxe3+ 41. Kg2 Qd2+ 42. Kh3 Qd1 43. c7 Qh1+ 44. Kg4 f5+ 45. Kf4 1-0

[Event "ChessKid Cup Div 2 L"]
[Site "chess.com INT"]
[Date "2023.05.24"]
[Round "3.2"]
[White "Le, Quang Liem"]
[Black "Mamedyarov, S."]
[Result "1-0"]
[WhiteElo "2728"]
[BlackElo "2738"]
[PlyCount "58"]
[EventDate "2023.05.23"]
[EventType "k.o."]

1. Nf3 d5 2. e3 Nf6 3. c4 e6 4. Nc3 Bd6 5. b3 O-O 6. Bb2 b6 7. cxd5 exd5 8. Rc1 ({RR} 8. Nb5 Be7 9. Be5 Ne8 10. Rc1 c5 11. Bxb8 Rxb8 12. Nxa7 Bb7 13. Nb5 d4 14. Bc4 Nd6 15. O-O Nxc4 16. bxc4 d3 17. Rc3 Bf6 18. Rb3 Qd7 19. Ne1 Qe6 20. Qc1 Rfd8 21. Rxd3 h5 22. Rxd8+ Rxd8 {Artemiev,V (2700)-Ding,L (2799) chess24.com INT 2022 1-0 (38)}) 8... a6 9. g3 Bb7 10. Bg2 ({RR} 10. Ne2 c5 11. Bg2 Nbd7 12. d4 Rc8 13. dxc5 bxc5 14. O-O Re8 15. Qd3 Ne4 16. Rfd1 Ndf6 17. Nd2 Nxf2 18. Kxf2 Ng4+ 19. Kg1 Nxe3 20. Bh3 Nxd1 21. Rxd1 c4 22. Qf3 Bc5+ 23. Kf1 Rc6 24. Nxc4 Rh6 {Le,Q (2728)-Mamedyarov,S (2738) chess.com INT 2023 ½-½ (42)}) 10... d4 $146 ({RR} 10... Nbd7 11. O-O Re8 12. d4 Ne4 13. Re1 f5 14. Re2 Qf6 15. Rec2 Re7 16. Ne2 Rae8 17. Nf4 g5 18. Nd3 Nf8 19. Nfe5 g4 20. f3 gxf3 21. Qxf3 Ng6 22. Rf1 Rf8 23. Qh5 Qg5 24. Qxg5 Nxg5 25. Rcf2 {Narayanan,S (2535)-Rustemov,A (2525) chess.com INT 2024 1-0 (38)}) 11. Ne2 dxe3 12. fxe3 c5 13. O-O Nbd7 14. Rc4 Qe7 15. Rh4 Rad8 16. Nf4 Ne5 17. Nxe5 Bxg2 18. Ng4 Bxf4 19. Nxf6+ gxf6 20. Rfxf4 Qxe3+ 21. dxe3 Rxd1+ 22. Kxg2 Rd2+ 23. Rf2 Rfd8 24. Rhf4 Rxf2+ 25. Rxf2 Rd3 26. Kf3 b5 27. Ke2 Rd5 28. Rxf6 c4 29. Rxa6 h5 1-0

[Event "ChessKid Cup Div 3 W"]
[Site "chess.com INT"]
[Date "2023.05.22"]
[Round "1.1"]
[White "Vallejo Pons, F."]
[Black "Raja, H."]
[Result "1-0"]
[WhiteElo "2712"]
[BlackElo "2515"]
[PlyCount "57"]
[EventDate "2023.05.22"]
[EventType "k.o."]

1. Nf3 Nf6 2. g3 d5 3. Bg2 g6 4. c4 c6 5. b3 Bg7 6. Bb2 O-O 7. O-O Bg4 8. d3 Nbd7 9. Nbd2 Re8 10. h3 Bxf3 11. Bxf3 ({RR} 11. Nxf3 e5 12. e3 e4 13. dxe4 dxc4 14. e5 Ne4 15. Rc1 c3 16. Bxc3 Nxc3 17. Rxc3 Nxe5 18. Nxe5 Bxe5 19. Qxd8 Rexd8 20. Rc2 a5 21. Rb1 Bd6 22. Bf3 Bb4 23. Rd1 Rxd1+ 24. Bxd1 Rd8 25. Be2 Rd2 {Radjabov,T (2757)-Leko,P (2762) Nanjing 2009 ½-½ (34)}) 11... e6 ({RR} 11... e5 12. Bg2 Qe7 13. Rc1 d4 14. a3 a5 15. Qc2 Rad8 16. c5 Nd5 17. Ne4 f5 18. Nd6 Rf8 19. Nxb7 Rb8 20. Nxa5 Bh6 21. Nxc6 {1-0 (21) Quintiliano Pinto,R (2509)-Lima,K (2108) chess.com INT 2023}) 12. Bg2 a5 $146 ({RR} 12... Qb6 13. Qc2 a5 14. Rab1 Rac8 15. Rbe1 Ra8 16. a3 Bh6 17. Rb1 Nh5 18. Kh1 Rad8 19. Bf3 Nhf6 20. e3 Bg7 21. Bg2 h5 22. Rbe1 e5 23. cxd5 cxd5 24. Rc1 Re6 25. Qc7 Qxc7 26. Rxc7 Rc6 27. Rc1 {Vidonyak,N (2262)-Haas,C Germany 2006 1-0 (57)}) 13. a3 Qb6 14. e3 Nh5 15. d4 Rad8 16. Qc2 c5 17. cxd5 exd5 18. Bxd5 cxd4 19. exd4 Bxd4 20. Nc4 Qc5 21. Bxd4 Qxd4 22. Rad1 Qc5 23. b4 axb4 24. axb4 Qxb4 25. Bxf7+ Kxf7 26. Nd6+ Kf8 27. Nxe8 Kxe8 28. Rfe1+ Kf7 29. Qc7 1-0

[Event "ChessKid Cup Div 3 L"]
[Site "chess.com INT"]
[Date "2023.05.22"]
[Round "1.2"]
[White "Terry, R."]
[Black "Sasikiran, K."]
[Result "1-0"]
[WhiteElo "2520"]
[BlackElo "2604"]
[PlyCount "57"]
[EventDate "2023.05.22"]
[EventType "k.o."]

1. Nf3 d5 2. b3 c5 3. e3 a6 4. Bb2 Nc6 5. d4 Nf6 6. a3 cxd4 7. Nxd4 Qc7 8. c4 e5 9. Nxc6 bxc6 10. cxd5 cxd5 11. Nc3 Be6 12. Be2 $146 ({RR} 12. Rc1 Qb7 13. b4 Be7 14. Be2 O-O 15. O-O {½-½ (15) Mamedyarov,S (2734)-Sevian,S (2698) chess.com INT 2023}) 12... Bd6 13. Rc1 Qe7 14. b4 O-O 15. O-O Rfd8 16. Na4 a5 17. Nc5 Bf5 18. Na6 d4 19. exd4 e4 20. b5 Nd5 21. g3 Qg5 22. Rc6 Bh3 23. Bc1 e3 24. Re1 Bxa3 25. Bf3 Bxc1 26. Rxc1 exf2+ 27. Kxf2 Nf6 28. Rc5 Qh6 29. Qc1 1-0

[Event "16th American Continental"]
[Site "Juan Dolio DOM"]
[Date "2023.05.22"]
[Round "10.1"]
[White "Meier, Geo"]
[Black "Henriquez Villagra, C."]
[Result "1-0"]
[WhiteElo "2614"]
[BlackElo "2616"]
[PlyCount "79"]
[EventDate "2023.05.15"]

1. Nf3 Nf6 2. g3 d5 3. Bg2 g6 4. O-O Bg7 5. d4 c6 6. b3 O-O 7. c4 Bf5 8. Bb2 Nbd7 9. e3 Ne4 10. Qe2 ({RR} 10. Nfd2 Ndf6 11. Nxe4 Bxe4 12. Bh3 Qb6 13. f3 Bxb1 14. Rxb1 e6 15. Qd3 Rfe8 16. c5 Qc7 17. e4 b6 18. e5 Nd7 19. b4 a5 20. a3 Reb8 21. Bc3 Bf8 22. Rfc1 axb4 23. axb4 bxc5 24. bxc5 Ra3 {Ding,L (2774)-Carlsen,M (2837) Saint Louis 2017 0-1 (35)}) 10... a5 11. Nc3 Qb6 $146 ({RR} 11... Nxc3 12. Bxc3 Be4 13. Rfc1 e6 14. a4 Qe7 15. Bh3 g5 16. Nd2 Bg6 17. Bg2 Rfe8 18. Re1 Nc5 19. e4 dxe4 20. Nxe4 Nxb3 21. Rad1 c5 22. dxc5 Bxe4 23. Bxg7 Bxg2 24. Kxg2 Kxg7 25. Qb2+ Kg8 26. Qxb3 {Xu,Y (2347)-Golod,V (2544) Dos Hermanas 2004 0-1 (52)}) ({RR} 11... Nxc3 12. Bxc3 Nf6 13. Rfc1 Ne4 14. Be1 e6 15. Ne5 g5 16. Rd1 h6 17. f3 Nf6 18. Rac1 Re8 19. Kh1 Bh7 20. e4 Qe7 21. Nd3 g4 22. e5 gxf3 23. Bxf3 Ne4 24. Nf2 Nxf2+ 25. Qxf2 f6 26. exf6 {Iljin,A (2504)-Ivanovic,B (2392) Herceg Novi MNE 2024 1-0 (61)}) 12. Rfd1 Nxc3 13. Bxc3 a4 14. b4 Nf6 15. Ne5 Ne4 16. Be1 Be6 17. Rac1 f5 18. h4 a3 19. cxd5 cxd5 20. Qd3 Qd6 21. f3 Nf6 22. Qb3 Nh5 23. f4 Nf6 24. b5 Qb6 25. Nd3 Bf7 26. Ne5 Be6 27. Qb4 Ne4 28. Qxe7 Bxe5 29. fxe5 Rf7 30. Qb4 g5 31. hxg5 Re8 32. Qa5 Qxa5 33. Bxa5 Nxg3 34. Rc7 Rxc7 35. Bxc7 Rc8 36. b6 Ra8 37. Bd6 Ne4 38. Bxe4 fxe4 39. Rf1 Bf7 40. Rc1 1-0

[Event "6th Sharjah Masters 2023"]
[Site "Sharjah UAE"]
[Date "2023.05.23"]
[Round "7.31"]
[White "Yuffa, D."]
[Black "Vescovi, G."]
[Result "1-0"]
[WhiteElo "2592"]
[BlackElo "2606"]
[PlyCount "75"]
[EventDate "2023.05.17"]

1. Nf3 Nf6 2. g3 d5 3. Bg2 c6 4. O-O Bf5 5. c4 e6 6. d3 Be7 7. cxd5 exd5 8. Qb3 Qb6 9. Qc2 O-O 10. Nc3 Nbd7 11. e4 Bg6 12. Nh4 dxe4 13. dxe4 Rad8 14. Be3 ({RR} 14. h3 Rfe8 15. Be3 Qa5 16. a3 Ne5 17. Rad1 Nfd7 18. Nxg6 hxg6 19. f4 Nc4 20. Bf2 Bc5 21. Rfe1 Bxf2+ 22. Qxf2 Qc5 23. Re2 Qxf2+ 24. Rxf2 Nc5 25. Rb1 Nd2 26. Rd1 Nc4 27. Rb1 Nd2 28. Rd1 Nc4 {Andronov,I (1892)-Afanasiev,N (2533) St Petersburg RUS 2024 ½-½}) 14... Qa5 $146 ({RR} 14... Qa6 15. h3 Ne5 16. Rad1 Nc4 17. Bc1 Nd7 18. Nf5 Bf6 19. g4 h6 20. f4 Bxf5 21. gxf5 Qb6+ 22. Kh1 Ne3 23. Bxe3 Qxe3 24. e5 Nxe5 25. fxe5 Bxe5 26. Qf2 Qg5 27. Ne4 Qh5 28. Qf3 Qh4 29. Qg4 {Krysa,L (2496)-Obregon,C (2517) Villa Martelli 2016 1-0 (58)}) 15. h3 Nb6 16. Rad1 Nfd7 17. Nxg6 hxg6 18. Kh2 Nc4 19. Bc1 Nc5 20. f4 Ne6 21. e5 Bb4 22. h4 Bxc3 23. Qxc3 Qxc3 24. bxc3 Nc7 25. a4 Nd5 26. Rd4 Nde3 27. Bxe3 Nxe3 28. Rb1 c5 29. Rxd8 Rxd8 30. Bxb7 Rd2+ 31. Kh3 Nd1 32. Rb5 Nxc3 33. Rxc5 Nxa4 34. Rc8+ Kh7 35. Rf8 a5 36. Rxf7 Nc3 37. e6 Re2 38. e7 1-0

[Event "Titled Tue 23rd May Early"]
[Site "chess.com INT"]
[Date "2023.05.23"]
[Round "5"]
[White "Kramnik, V."]
[Black "Vitiugov, N."]
[Result "1-0"]
[WhiteElo "2753"]
[BlackElo "2724"]
[PlyCount "63"]
[EventDate "2023.05.23"]

1. Nf3 {Ftacnik,Lubomir} d5 2. g3 Bg4 3. Bg2 c6 4. d3 Nf6 5. O-O Nbd7 6. h3 Bh5 7. Qe1 e5 8. e4 dxe4 9. dxe4 Be7 10. Nh4 O-O 11. Nf5 ({RR} 11. Nd2 Qc7 12. f4 exf4 13. gxf4 Rfe8 14. Kh1 Bb4 15. c3 Bf8 16. e5 Nd5 17. Ne4 Nc5 18. Ng3 Bg6 19. Nxg6 hxg6 20. Bxd5 cxd5 21. Be3 Ne6 22. Rd1 Rad8 23. Qe2 Bc5 24. Bd4 Qb6 25. Qf2 Bxd4 {Giri,A (2785)-So,W (2815) Chess.com INT 2017 1-0 (35)}) 11... Bc5 12. b4 Bb6 13. Na3 ({RR} 13. Nd6 Qc7 14. Nc4 a5 15. Nxb6 Nxb6 16. c3 Nfd7 17. Nd2 f6 18. a3 c5 19. bxa5 Rxa5 20. Rb1 Ra4 21. f4 Bf7 22. Rf2 Nc4 23. Nxc4 Bxc4 24. Qd1 b5) ({RR} 13. Bb2 a5 14. a3 axb4 15. axb4 Rxa1 16. Bxa1 Qa8 17. Nd2 Qa2 18. Qb1 Ra8 19. Nd6 Qe6 20. N6c4 Bc7 21. Re1 Bg6 22. Bc3 b5 23. Ne3 Nb6 24. Qb3) 13... a5 $146 ({RR} 13... Bg6 14. Nc4 Bxf5 ({RR} 14... Bc7 15. Bb2) 15. exf5 Qe7 16. a4 ({RR} 16. Nxb6 axb6 17. a3 b5) 16... Nd5 17. Rb1 ({RR} 17. Bd2 Rfd8 18. Rd1 Bc7) 17... e4 ({RR} 17... Rfe8 18. Rb3 e4) 18. a5 Bd4 ({RR} 18... Bc7 19. b5 Rfe8 20. a6 Qc5 21. axb7 Rab8 22. Nd2 cxb5 23. Nxe4 Qc4 24. Bb2) 19. Qxe4 Qxe4 20. Bxe4 Nc3 21. Bb2 Bxf2+ ({RR} 21... Nxb1 22. Bxd4 b5 23. Rxb1 bxc4 24. Bxc6 Rad8 25. Bxa7) 22. Rxf2 ({RR} 22. Kxf2 Nxe4+ 23. Kf3 Rfe8 24. Rbd1 Ndf6 25. Rfe1) 22... Nxe4 23. Re2 Nxg3 ({RR} 23... Ndf6 24. Kg2 Rad8 25. Rbe1 Rfe8 26. h4) 24. Re7 Nf6 ({RR} 24... Rad8 25. Rd1 Nf6 26. Rxd8 Rxd8 27. Rxb7) 25. Bxf6 gxf6 26. Kf2 ({RR} 26. Rxb7 Rfd8) 26... Nxf5 27. Rg1+ Kh8 ({RR} 27... Ng7 28. Nd6) 28. Rxb7 {Nguyen,N (2617)-Giri,A (2672) Biel 2010 CBM 138 [Ftacnik,Lubomir] 1-0 (59)} {RR} Rfd8 29. Rxf7 c5 ({RR} 29... Rd4 30. Rg4 Rxc4 ({RR} 30... Rxg4 31. hxg4 Nh6 32. Rc7 Nxg4+ 33. Kf3 h5 34. Rxc6) 31. Rxc4 Nd6 32. Rxa7 Rxa7 33. Rxc6) 30. Ne3 Nxe3 31. Kxe3 Rg8 32. Rxg8+ Kxg8 33. Rb7 cxb4 34. a6) 14. b5 Bc5 15. bxc6 bxc6 16. Nc4 Qc7 17. Be3 Bg6 18. Rd1 Bxf5 19. exf5 e4 20. Bf4 Qa7 21. Nd6 Nd5 22. Nxe4 Nxf4 23. gxf4 Be7 24. Qe3 Nf6 25. Nxf6+ Bxf6 26. Bxc6 Qxe3 27. fxe3 Rac8 28. Ba4 Rc4 29. Bb3 Rb4 30. a4 g6 31. Kf2 gxf5 32. Rd5 1-0

[Event "Titled Tue 23rd May Early"]
[Site "chess.com INT"]
[Date "2023.05.23"]
[Round "5"]
[White "Matlakov, M."]
[Black "Martinez Alcantara, Jose Eduardo"]
[Result "1-0"]
[WhiteElo "2662"]
[BlackElo "2619"]
[PlyCount "99"]
[EventDate "2023.05.23"]

1. Nf3 Nf6 2. g3 b6 3. Bg2 Bb7 4. O-O g6 5. d3 c5 6. e4 d6 7. c4 ({RR} 7. a4 Bg7 8. a5 O-O 9. Nbd2 b5 10. Re1 a6 11. d4 cxd4 12. Nxd4 Qc7 13. N2b3 Nbd7 14. c3 Nc5 15. Nxc5 dxc5 16. Nc2 Nd7 17. Bf4 Ne5 18. Ne3 e6 19. Ng4 Rad8 20. Qe2 h5 21. Nxe5 Bxe5 {Sjugirov,S (2650)-Tarlev,K (2540) Chess.com INT 2017 0-1 (76)}) ({RR} 7. c3 Bg7 8. a3 O-O 9. b4 c4 10. Re1 Qc7 11. Ra2 Nbd7 {½-½ (11) Reis,T (2178)-Rampp,G (2050) Bayern 2018}) 7... Bg7 8. Nc3 Nc6 9. h3 $146 ({RR} 9. d4 cxd4 10. Nxd4 Nxd4 11. Qxd4 O-O 12. Qd3 Nd7 13. Bd2 Ne5 14. Qe2 Rc8 15. b3 a6 16. Rac1 Nc6 17. Be3 Nb8 18. Qd2 Re8 19. f4 Nd7 20. Bh3 Rc6 21. Bxd7 Qxd7 22. a4 e6 23. f5 exf5 {Kovacs,Z (2146)-Sipos,G (1990) Budapest 2008 ½-½}) 9... Nd7 10. Be3 Nde5 11. Ne1 Nd4 12. f4 Nec6 13. a3 e6 14. Rb1 Qd7 15. b4 O-O 16. Kh2 Rad8 17. b5 Ne7 18. Ne2 f5 19. Nc2 Nxe2 20. Qxe2 e5 21. Rbd1 Rde8 22. Qd2 Kh8 23. a4 Ng8 24. exf5 Rxf5 25. a5 d5 26. a6 Ba8 27. fxe5 Rfxe5 28. Rde1 dxc4 29. Bxa8 Rxa8 30. dxc4 Qe6 31. Qd3 Rh5 32. h4 Nf6 33. Bg5 Ng4+ 34. Kg2 Ne5 35. Qd5 Qxd5+ 36. cxd5 h6 37. Bf6 Ng4 38. Bxg7+ Kxg7 39. Re7+ Kg8 40. Re4 Ne5 41. g4 Rxh4 42. Rxe5 Rxg4+ 43. Kh3 Rc4 44. Ne3 Rc3 45. Re7 Rf8 46. Rxf8+ Kxf8 47. d6 Rd3 48. Kg2 Rxd6 49. Rxa7 Rd4 50. Rb7 1-0

[Event "Titled Tue 23rd May Early"]
[Site "chess.com INT"]
[Date "2023.05.23"]
[Round "7"]
[White "Hakobyan, Aram"]
[Black "Beerdsen, Thomas"]
[Result "1-0"]
[WhiteElo "2608"]
[BlackElo "2507"]
[PlyCount "59"]
[EventDate "2023.05.23"]

1. Nf3 b5 2. e4 Bb7 3. Bxb5 Bxe4 4. O-O Nc6 ({RR} 4... c6 5. Ba4 Nf6 6. d4 e6 7. c4 Be7 8. Nc3 Bxf3 9. Qxf3 O-O 10. d5 cxd5 11. cxd5 Na6 12. Rd1 Qb6 13. Bg5 Nc5 14. Bc2 Qxb2 15. Rac1 Rac8 16. Qh3 g6 17. Bb1 Nxd5 18. Rc2 Qb7 19. Nxd5 {Kramnik,V (2753)-Andreikin,D (2729) chess.com INT 2023 0-1 (63)}) ({RR} 4... c6 5. Ba4 Qa5 6. Nc3 Bxf3 7. Qxf3 Nf6 8. d4 e6 9. Bf4 Be7 10. Bb3 d5 11. Qg3 Nh5 12. Qg4 Nxf4 13. Qxf4 O-O 14. Ne2 Nd7 15. c3 Rfb8 16. Rfe1 Qb6 17. Ng3 a5 18. Ba4 Bf8 19. Re2 {Rohith,K (2410)-Andreikin,D (2729) chess.com INT 2024 0-1 (57)}) 5. d4 $146 ({RR} 5. Ng5 Rb8 6. Ba4 Bg6 7. d4 h6 8. Nf3 e6 9. Re1 Rb6 10. d5 Nce7 11. dxe6 fxe6 12. Ne5 Nf6 13. Be3 Rd6 14. Qe2 Bh5 15. g4 Bf7 16. Nc3 Ned5 17. Nxd5 Rxd5 18. f4 Bc5 19. Bxc5 Rxc5 {Nenezic,M (2391)-Andersen,A (2202) Paracin 2013 1-0}) 5... Nf6 6. Nbd2 Rb8 7. Nxe4 Rxb5 8. c4 Rf5 9. Nh4 Ra5 10. Nxf6+ gxf6 11. d5 Ne5 12. b3 c6 13. Bd2 Ra6 14. Bc3 cxd5 15. cxd5 Rg8 16. Nf3 Bg7 17. Re1 d6 18. Qe2 Qb6 19. Bd4 Nxf3+ 20. Qxf3 Qxd4 21. Qe2 Bf8 22. Qxa6 Rxg2+ 23. Kxg2 Qg4+ 24. Kf1 Qh3+ 25. Ke2 Qg4+ 26. Kd2 Qd4+ 27. Kc2 Qxf2+ 28. Re2 Qf5+ 29. Kb2 Bh6 30. Qxa7 1-0

[Event "Titled Tue 23rd May Early"]
[Site "chess.com INT"]
[Date "2023.05.23"]
[Round "8"]
[White "Matlakov, M."]
[Black "Sviridov, Va"]
[Result "1-0"]
[WhiteElo "2662"]
[BlackElo "2545"]
[PlyCount "87"]
[EventDate "2023.05.23"]

1. Nf3 g6 2. d4 Bg7 3. e4 d6 4. Bd3 Nf6 5. c3 O-O 6. O-O Nc6 7. h3 e5 8. Re1 a5 9. a3 ({RR} 9. Na3 Re8 10. Nc2 a4 11. Bg5 h6 12. Bh4 g5 13. Bg3 Nh5 14. d5 Ne7 15. Ne3 Nf4 16. Bb5 Bd7 17. Bxd7 Qxd7 18. Nh2 f5 19. exf5 Nxf5 20. Qg4 Rf8 21. Rad1 a3 22. b3 Rad8 23. Nxf5 Rxf5 {Kovalenko,I (2654)-Anton Guijarro,D (2681) Chess.com INT 2020 ½-½ (90)}) ({RR} 9. a4 h6 10. Na3 exd4 11. cxd4 Nb4 12. Bb1 c6 13. Bf4 Be6 14. Qd2 Kh7 15. Nc2 Nxc2 16. Bxc2 Nh5 17. Bh2 Rc8 18. e5 Bd5 19. Qe3 c5 20. exd6 cxd4 21. Nxd4 Qh4 22. Nf5 gxf5 23. Bxf5+ Kg8 {Mamedov,E (2453)-Lozano,N (2239) San Vicente ESP 2025 1-0 (42)}) 9... Re8 $146 ({RR} 9... b6 10. Bg5 Bb7 11. d5 Ne7 12. c4 h6 13. Be3 Nd7 14. Qc1 Kh7 15. Nc3 f5 16. exf5 gxf5 17. Nh4 e4 18. Nxe4 Ne5 19. Bb1 fxe4 20. Bxe4+ N7g6 21. Nf5 Rxf5 22. Bxf5 Bc8 23. Be4 Qf6 24. f4 {Li,D (2562)-Filipovich,D (1995) Seville 2020 1-0 (32)}) 10. d5 Nb8 11. c4 Nh5 12. Nc3 Nd7 13. Rb1 Rf8 14. b4 Nf4 15. Bf1 axb4 16. axb4 f5 17. exf5 Rxf5 18. Ne4 h6 19. c5 Qe7 20. Qb3 Rf8 21. Bxf4 Rxf4 22. Rbc1 Nf6 23. Nfd2 Nxe4 24. Nxe4 Bf5 25. Bd3 Kh7 26. Qc2 Rf8 27. Re2 Rf7 28. b5 Bxe4 29. Bxe4 Qg5 30. b6 dxc5 31. bxc7 Rxc7 32. d6 Rd7 33. Rd1 b6 34. g3 Rf6 35. h4 Qg4 36. Red2 h5 37. Kg2 Bh6 38. Rd5 Bf8 39. Rxe5 Rdxd6 40. Rxd6 Rxd6 41. Rg5 Qd1 42. Bxg6+ Kh8 43. Rxh5+ Kg8 44. Qc4+ 1-0

[Event "Titled Tue 23rd May Early"]
[Site "chess.com INT"]
[Date "2023.05.23"]
[Round "9"]
[White "Svane, Frederik"]
[Black "Bacrot, E."]
[Result "1-0"]
[WhiteElo "2600"]
[BlackElo "2667"]
[PlyCount "73"]
[EventDate "2023.05.23"]

1. g3 d5 2. Nf3 Nf6 3. Bg2 g6 4. b4 Bg7 5. Bb2 O-O 6. O-O a5 ({RR} 6... Na6 7. a3 c5 8. bxc5 Nxc5 9. d3 Bd7 10. Bd4 Ne6 11. Be5 Rc8 12. Nbd2 Ba4 13. Ra2 d4 14. Qa1 Nd5 15. Bxg7 Nxg7 16. Rb2 Nc3 17. Re1 b5 18. Rb4 Ne6 19. Bh3 f5 20. e3 a5 21. Nxd4 {Shchekachev,A (2517)-Naiditsch,A (2724) Bastia 2013 0-1 (64)}) 7. b5 c5 8. bxc6 Nxc6 ({RR} 8... bxc6 9. d3 Nbd7 10. Nbd2 Re8 11. e4 e5 12. Re1 d4 13. Ba3 Ba6 14. Rb1 Bf8 15. Bxf8 Kxf8 16. Ng5 h6 17. Nh3 Nc5 18. f4 Bc8 19. fxe5 Ng4 20. Nc4 Nxe5 21. Nxe5 Rxe5 22. Rf1 Bxh3 23. Bxh3 {Aryan,C (2620)-Zhu,J (2514) chess.com INT 2025 1-0 (64)}) 9. e3 $146 ({RR} 9. a4 Qb6 10. Qc1 Re8 11. Na3 e5 12. Nb5 Bf8 13. e3 Bg4 14. h3 Bxf3 15. Bxf3 Rac8 16. Qb1 Red8 17. Ba3 Bxa3 18. Nxa3 Qc5 19. Qb5 Qe7 20. c3 e4 21. Be2 h5 22. Nc2 h4 23. g4 Nh7 {Husari,S (2334)-Toth,E (2360) Budapest 2010 0-1 (63)}) 9... b5 10. d3 Ba6 11. Nbd2 b4 12. a3 Qd6 13. axb4 axb4 14. Nb3 e5 15. Re1 Nd7 16. Nfd2 Bb5 17. f4 Nb6 18. Nf3 f6 19. Qd2 Na4 20. Rab1 Nxb2 21. Rxb2 exf4 22. gxf4 Rfe8 23. Nbd4 Rab8 24. Nxc6 Bxc6 25. Reb1 d4 26. Nxd4 Bxg2 27. Kxg2 f5 28. Rxb4 Rxb4 29. Rxb4 Bxd4 30. Rxd4 Qc6+ 31. Kg3 Qh1 32. Qf2 Ra8 33. Qg2 Qe1+ 34. Qf2 Qh1 35. Qg2 Qe1+ 36. Kh3 Qxe3+ 37. Kh4 1-0

[Event "Titled Tue 23rd May Early"]
[Site "chess.com INT"]
[Date "2023.05.23"]
[Round "10"]
[White "Grischuk, A."]
[Black "Hakobyan, Aram"]
[Result "1-0"]
[WhiteElo "2745"]
[BlackElo "2608"]
[PlyCount "215"]
[EventDate "2023.05.23"]

1. Nf3 g6 2. e4 Bg7 3. d4 Nf6 4. e5 Ne4 5. Bd3 d5 6. exd6 Nxd6 7. h3 O-O 8. O-O Nc6 9. c3 e5 10. dxe5 Nxe5 11. Nxe5 Bxe5 12. Nd2 Bf5 $146 ({RR} 12... Bf4 13. Nf3 Qf6 14. Bxf4 Qxf4 15. Qd2 Qxd2 16. Nxd2 Rd8 17. Nc4 Be6 18. Ne3 a5 19. Rfd1 a4 20. Bc2 a3 21. bxa3 Rxa3 22. Bb3 Rda8 23. Bxe6 fxe6 24. c4 R8a5 25. Rac1 Rc5 26. Rc2 Ra4 27. Re2 {Lintchevski,D (2524)-Hakobyan,A (2617) chess.com INT 2024 1-0 (111)}) 13. Nf3 Bg7 14. Bf4 Re8 15. Bxd6 Bxd3 16. Qxd3 Re6 17. Rfe1 Rxd6 18. Qc4 a5 19. Re2 Bf6 20. Rae1 Kg7 21. Ne5 Rd5 22. Ng4 c6 23. Qf4 Bg5 24. Qf3 Rf5 25. Qe4 Qd5 26. g3 Qxe4 27. Rxe4 Rd5 28. h4 Bd2 29. R1e2 h5 30. Nh2 Rad8 31. Nf3 Bc1 32. Kg2 Kf8 33. a4 b5 34. Ne5 R5d6 35. Rc2 Bh6 36. Nf3 Bg7 37. b3 Bf6 38. axb5 cxb5 39. Re1 a4 40. bxa4 bxa4 41. Ra1 Ra6 42. Rca2 Rda8 43. Nd4 Bxd4 44. cxd4 a3 45. Kf3 Ke7 46. Ke4 Kd6 47. Rc1 Ra4 48. Rc3 Re8+ 49. Kf3 Rea8 50. Ke4 f5+ 51. Kf3 Kd5 52. Ke3 Re8+ 53. Kf3 Rea8 54. Ke3 R4a5 55. Kd3 R8a7 56. Ke3 Re7+ 57. Kd3 Rea7 58. Ke3 Kd6 59. Kd3 Ra4 60. Ke3 Kd5 61. Rc5+ Ke6 62. Rc3 Kd6 63. Kd3 Ke7 64. Ke3 Kf6 65. Rc6+ Kf7 66. Rc3 Re7+ 67. Kf3 Rea7 68. Ke3 Ke6 69. Rc6+ Kd5 70. Rc5+ Kd6 71. Rc3 R7a5 72. Kd3 Kd5 73. Ke3 Ra6 74. Rc5+ Ke6 75. Rc3 Kd6 76. Kd3 R6a5 77. Ke3 Kd5 78. Rd3 Kc4 79. d5 Ra8 80. d6 Re8+ 81. Kd2 Rd8 82. Raxa3 Rxa3 83. Rxa3 Rxd6+ 84. Ke3 Re6+ 85. Kf4 Re4+ 86. Kg5 Rg4+ 87. Kf6 Kd5 88. Re3 f4 89. Re5+ Kd4 90. Rg5 fxg3 91. fxg3 Ke4 92. Rxg4+ hxg4 93. Kxg6 Kf3 94. h5 Kxg3 95. h6 Kf2 96. h7 g3 97. h8=Q g2 98. Qd4+ Kf1 99. Qf4+ Ke2 100. Qg3 Kf1 101. Qf3+ Kg1 102. Kf5 Kh2 103. Qf2 Kh1 104. Qh4+ Kg1 105. Kf4 Kf1 106. Qh3 Kf2 107. Qf3+ Ke1 108. Qxg2 1-0